Najbardziej zakorkowane miasta w Polsce - Statystyki

Ogólne statystyki
  • Ten quiz został rozwiązany 69 razy
  • Średni wynik to 10 z 12
Statystyki odpowiedzi
Pozycja # Odpowiedź % Poprawnych
5 23 min 25 s Warszawa
100%
4 24 min Kraków
97%
1 28 min 56 s Wrocław
96%
3 26 min 6 s Łódź
94%
7 23 min 6 s Trójmiasto
94%
6 23 min 7 s Bydgoszcz
93%
12 14 min 11 s Katowice
93%
2 27 min 4 s Poznań
93%
8 22 min 40 s Szczecin
93%
9 21 min 45 s Lublin
87%
10 19 min 26 s Białystok
82%
11 17 min 5 s Bielsko-Biała
21%
Nie znaleziono quizów pasujących do podanych kryteriów
Rozkład punktacji
Procent ludzi z każdym wynikiem
Percentyl według liczby udzielonych odpowiedzi
Twoja historia wyników
Nie rozwiązałeś tego quizu